[Event "ODJM A 2024"]
[Site "Willingen GER"]
[Date "2024.05.22"]
[Round "6"]
[White "Kieselbach, Marvin"]
[Black "Berelowitsch, Dana"]
[Result "1/2-1/2"]
[Termination "normal"]
[Board "33"]
[WhiteElo "1887"]
[BlackElo "1906"]
[WhiteClock "00:12:59"]
[BlackClock "00:26:16"]
[PlyCount "64"]
[WhiteFideId "16235770"]
[BlackFideId "12977144"]
[EventCountry "GER"]
[EventRounds "9"]
[EventType "swiss"]
[EventDate "2024.05.18"]

1. e4 {[%clk 01:30:45]} {[%emt 00:00:15]} c5 {[%clk 01:30:58]} {[%emt
00:00:02]} 2. Nf3 {[%clk 01:31:08]} {[%emt 00:00:07]} g6 {[%clk 01:31:20]}
{[%emt 00:00:09]} 3. c3 {[%clk 01:31:21]} {[%emt 00:00:16]} Bg7 {[%clk
01:31:43]} {[%emt 00:00:08]} 4. d4 {[%clk 01:31:45]} {[%emt 00:00:07]} cxd4
{[%clk 01:32:08]} {[%emt 00:00:04]} 5. cxd4 {[%clk 01:32:09]} {[%emt 00:00:05]}
d5 {[%clk 01:32:35]} {[%emt 00:00:04]} 6. e5 {[%clk 01:32:09]} {[%emt
00:00:31]} Nc6 {[%clk 01:32:46]} {[%emt 00:00:19]} 7. Bb5 {[%clk 01:31:43]}
{[%emt 00:00:56]} Nh6 {[%clk 01:32:52]} {[%emt 00:00:24]} 8. h3 {[%clk
01:31:53]} {[%emt 00:00:19]} O-O {[%clk 01:33:02]} {[%emt 00:00:20]} 9. O-O
{[%clk 01:30:34]} {[%emt 00:01:49]} f6 {[%clk 01:28:42]} {[%emt 00:04:52]} 10.
Re1 {[%clk 01:28:21]} {[%emt 00:02:42]} a6 {[%clk 01:23:30]} {[%emt 00:05:43]}
11. Bxc6 {[%clk 01:27:22]} {[%emt 00:01:29]} bxc6 {[%clk 01:23:58]} {[%emt
00:00:02]} 12. Nc3 {[%clk 01:21:31]} {[%emt 00:06:20]} fxe5 {[%clk 01:17:09]}
{[%emt 00:07:20]} 13. Nxe5 {[%clk 01:19:15]} {[%emt 00:02:46]} Qd6 {[%clk
01:15:39]} {[%emt 00:02:00]} 14. Bg5 {[%clk 01:09:07]} {[%emt 00:10:38]} Nf7
{[%clk 01:03:58]} {[%emt 00:12:12]} 15. Bf4 {[%clk 01:05:09]} {[%emt 00:04:27]}
Qf6 {[%clk 00:58:18]} {[%emt 00:06:11]} 16. Qd2 {[%clk 01:04:06]} {[%emt
00:01:32]} Nxe5 {[%clk 00:45:04]} {[%emt 00:13:45]} 17. Bxe5 {[%clk 01:04:14]}
{[%emt 00:00:22]} Qh4 {[%clk 00:44:01]} {[%emt 00:01:33]} 18. g3 {[%clk
00:56:21]} {[%emt 00:08:22]} Qh6 {[%clk 00:41:49]} {[%emt 00:02:43]} 19. Qxh6
{[%clk 00:50:17]} {[%emt 00:06:33]} Bxh6 {[%clk 00:42:01]} {[%emt 00:00:19]}
20. Kg2 {[%clk 00:50:19]} {[%emt 00:00:27]} Bf5 {[%clk 00:35:55]} {[%emt
00:06:37]} 21. g4 {[%clk 00:46:03]} {[%emt 00:04:46]} Bd3 {[%clk 00:34:28]}
{[%emt 00:01:58]} 22. Kg3 {[%clk 00:42:58]} {[%emt 00:03:33]} Rf7 {[%clk
00:32:01]} {[%emt 00:02:58]} 23. f4 {[%clk 00:42:02]} {[%emt 00:01:25]} Raf8
{[%clk 00:31:50]} {[%emt 00:00:43]} 24. Re3 {[%clk 00:41:39]} {[%emt 00:00:53]}
Bb5 {[%clk 00:29:49]} {[%emt 00:02:32]} 25. g5 {[%clk 00:24:17]} {[%emt
00:18:59]} Bg7 {[%clk 00:29:53]} {[%emt 00:00:04]} 26. Bxg7 {[%clk 00:24:08]}
{[%emt 00:00:05]} Kxg7 {[%clk 00:30:14]} 27. Nxb5 {[%clk 00:20:18]} {[%emt
00:04:18]} axb5 {[%clk 00:28:48]} {[%emt 00:01:56]} 28. Rc1 {[%clk 00:13:13]}
{[%emt 00:07:35]} Rxf4 {[%clk 00:27:21]} {[%emt 00:01:57]} 29. Rxe7+ {[%clk
00:13:16]} {[%emt 00:00:26]} Kg8 {[%clk 00:27:29]} {[%emt 00:00:23]} 30. Rxc6
{[%clk 00:13:01]} {[%emt 00:00:45]} Rf3+ {[%clk 00:26:55]} {[%emt 00:01:04]}
31. Kg2 {[%clk 00:13:16]} {[%emt 00:00:13]} Rf2+ {[%clk 00:27:10]} {[%emt
00:00:16]} 32. Kg3 {[%clk 00:12:59]} {[%emt 00:00:46]} R2f3+ {[%clk 00:26:16]}
{[%emt 00:01:25]} 1/2-1/2

[Event "ODJM A 2024"]
[Site "Willingen GER"]
[Date "2024.05.22"]
[Round "6"]
[White "Andresen, Marc"]
[Black "Stiehler, Daniel"]
[Result "1/2-1/2"]
[Termination "normal"]
[Board "34"]
[WhiteElo "1879"]
[BlackElo "1923"]
[WhiteClock "00:02:07"]
[BlackClock "00:37:14"]
[PlyCount "58"]
[WhiteFideId "16233719"]
[BlackFideId "34604863"]
[EventCountry "GER"]
[EventRounds "9"]
[EventType "swiss"]
[EventDate "2024.05.18"]

1. Nf3 {[%clk 01:30:59]} {[%emt 00:00:01]} Nf6 {[%clk 01:30:55]} {[%emt
00:00:05]} 2. c4 {[%clk 01:31:25]} {[%emt 00:00:04]} g6 {[%clk 01:31:21]}
{[%emt 00:00:05]} 3. b4 {[%clk 01:31:53]} {[%emt 00:00:02]} d6 {[%clk
01:31:34]} {[%emt 00:00:17]} 4. Bb2 {[%clk 01:32:17]} {[%emt 00:00:05]} Bg7
{[%clk 01:31:28]} {[%emt 00:00:36]} 5. g3 {[%clk 01:32:42]} {[%emt 00:00:05]}
O-O {[%clk 01:31:15]} {[%emt 00:00:43]} 6. Bg2 {[%clk 01:33:09]} {[%emt
00:00:04]} c6 {[%clk 01:30:14]} {[%emt 00:01:30]} 7. O-O {[%clk 01:33:32]}
{[%emt 00:00:06]} Nbd7 {[%clk 01:29:25]} {[%emt 00:01:19]} 8. d3 {[%clk
01:33:10]} {[%emt 00:00:52]} e5 {[%clk 01:28:43]} {[%emt 00:01:12]} 9. Nc3
{[%clk 01:33:23]} {[%emt 00:00:17]} Re8 {[%clk 01:25:20]} {[%emt 00:03:53]} 10.
Qc2 {[%clk 01:31:45]} {[%emt 00:02:08]} Nf8 {[%clk 01:23:57]} {[%emt 00:01:54]}
11. a4 {[%clk 01:29:45]} {[%emt 00:02:30]} a5 {[%clk 01:19:25]} {[%emt
00:05:01]} 12. b5 {[%clk 01:28:16]} {[%emt 00:02:00]} c5 {[%clk 01:17:14]}
{[%emt 00:02:41]} 13. e3 {[%clk 01:26:29]} {[%emt 00:02:16]} Rb8 {[%clk
01:14:36]} {[%emt 00:03:05]} 14. Rfe1 {[%clk 01:16:48]} {[%emt 00:10:15]} b6
{[%clk 01:12:53]} {[%emt 00:02:13]} 15. d4 {[%clk 01:11:19]} {[%emt 00:05:59]}
exd4 {[%clk 01:08:34]} {[%emt 00:04:48]} 16. exd4 {[%clk 01:09:51]} {[%emt
00:01:58]} Bf5 {[%clk 01:08:17]} {[%emt 00:00:46]} 17. Qb3 {[%clk 01:00:57]}
{[%emt 00:09:26]} Qc7 {[%clk 01:04:13]} {[%emt 00:04:32]} 18. dxc5 {[%clk
00:55:21]} {[%emt 00:06:09]} dxc5 {[%clk 01:00:22]} {[%emt 00:04:21]} 19. Rad1
{[%clk 00:47:26]} {[%emt 00:08:24]} Rxe1+ {[%clk 00:59:25]} {[%emt 00:01:26]}
20. Rxe1 {[%clk 00:43:41]} {[%emt 00:04:15]} Rd8 {[%clk 00:57:59]} {[%emt
00:01:51]} 21. Qa2 {[%clk 00:34:29]} {[%emt 00:09:48]} Ne6 {[%clk 00:53:27]}
{[%emt 00:04:59]} 22. Qa1 {[%clk 00:29:28]} {[%emt 00:05:34]} Nd4 {[%clk
00:38:52]} {[%emt 00:15:06]} 23. Nxd4 {[%clk 00:14:09]} {[%emt 00:17:45]} cxd4
{[%clk 00:38:35]} {[%emt 00:00:05]} 24. Nd5 {[%clk 00:14:33]} Nxd5 {[%clk
00:37:14]} {[%emt 00:00:41]} 25. Bxd5 {[%clk 00:14:51]} {[%emt 00:00:12]} Qc5
{[%clk 00:36:22]} {[%emt 00:01:20]} 26. Ba3 {[%clk 00:12:14]} {[%emt 00:03:10]}
Qc8 {[%clk 00:36:26]} {[%emt 00:00:24]} 27. Bb2 {[%clk 00:12:37]} {[%emt
00:00:08]} Qc5 {[%clk 00:36:51]} {[%emt 00:00:05]} 28. Ba3 {[%emt 00:11:26]}
Qc8 {[%clk 00:37:14]} {[%emt 00:00:05]} 29. Bb2 {[%clk 00:02:07]} {[%emt
00:00:06]} Qc5 {[%emt 00:00:05]} 1/2-1/2